00639nam a22002057a 450000500170000001000130001702000230003003500130005303700160006604000120008208200160009410000260011024500940013626000450023027000490027530000320032450000200035665000270037665000300040320170124110217.0 aA-943828 c600.00a8176480266 aA-943828 bCen Lib/Ret aDPLbEN a363.22bMAH aMahmood Bin Muhammad  aA policeman ponders :cby Mahmood Bin Muhammad bmemories and melodies of a varies life / aNew DelhibA.P.H. publishing housec1999 bNew Delhia5, nsari road, Daryaaganje110002 axxiv,363p.:c21cm(Hb)bill. aIncludes index  aPublic administration  a Police administrationz